000 00524 a2200181 4500
003 OSt
005 20240208134457.0
008 240208b |||||||| |||| 00| 0 eng d
020 _a9789356208629
040 _coclc
082 _a894.8121
_bAGR/A
100 _aAgragami, Muneer
_910434
245 _aAvanayirunathin Rekhakal /
_cMuneer Agragami
250 _a1st ed.
260 _aKozhikode:
_bHarmonium Publication,
_c2022.
300 _a96p.
942 _2ddc
_cBK
_h894.8121
_iAGR/A
_k894.8121
_mAGR/A
999 _c44408
_d44408